[Event "Mechanics' SummerTNM; 30/90, SD/30"]
[Site "San Francisco"]
[Date "2014.05.27"]
[Round "1.15"]
[White "Simpkins, Jerry"]
[Black "Grey, Peter"]
[Result "0-1"]
[WhiteElo "1478"]
[BlackElo "2000"]
[PlyCount "128"]
[EventDate "2014.??.??"]

1. e4 c5 2. c3 Nf6 3. e5 Nd5 4. Bc4 Nb6 5. Bb3 c4 6. Bc2 Nc6 7. f4 d6 8. Nf3 g6
9. d4 cxd3 10. Qxd3 Bf5 11. Qe2 Bxc2 12. Qxc2 Bg7 13. Qe2 O-O 14. e6 Qc8 15.
exf7+ Rxf7 16. Ng5 Rf6 17. O-O h6 18. Ne4 Rf8 19. Na3 Qe6 20. Qc2 Qf5 21. Qb3+
Kh7 22. Ng3 Qc5+ 23. Kh1 Qd5 24. Qc2 e5 25. f5 Ne7 26. fxg6+ Nxg6 27. Be3 Rxf1+
28. Rxf1 Rf8 29. Rxf8 Bxf8 30. Bxb6 axb6 31. h4 e4 32. Nxe4 Kg7 33. c4 Qf5 34.
Qc3+ Ne5 35. Ng3 Qg4 36. h5 Kf7 37. Qe1 Qh4+ 38. Kg1 Qd4+ 39. Qf2+ Qxf2+ 40.
Kxf2 Nd3+ 41. Ke3 Nxb2 42. Kd4 Ke6 43. Nb5 Bg7+ 44. Ke4 Nxc4 45. Nc7+ Ke7 46.
Nd5+ Ke6 47. Nf4+ Kf7 48. Nf5 Bf8 49. Kd5 b5 50. Ng6 Nb6+ 51. Kd4 Bg7+ 52. Nxg7
Kxg7 53. Nf4 Kf6 54. Nd5+ Nxd5 55. Kxd5 Kg5 56. Kxd6 Kxh5 57. Kc7 Kg4 58. Kxb7
Kg3 59. Kb6 Kxg2 60. Kxb5 h5 61. a4 h4 62. a5 h3 63. a6 h2 64. a7 h1=Q {
and here White picked up his king, forgetting to first promote his pawn!} 0-1

[Event "Mechanics' SummerTNM; 30/90, SD/30"]
[Site "San Francisco"]
[Date "2014.07.08"]
[Round "7.27"]
[White "Simpkins, Jerry"]
[Black "Oca, Homer"]
[Result "0-1"]
[WhiteElo "1478"]
[BlackElo "1711"]
[PlyCount "106"]
[EventDate "2014.??.??"]

1. e4 a6 2. d4 h6 3. f4 d5 4. e5 Bf5 5. c3 Nc6 6. Nf3 e6 7. Bd3 Nge7 8. Bxf5
Nxf5 9. O-O Qd7 10. Na3 h5 11. Nc2 O-O-O 12. Ne3 Nce7 13. Ng5 Nxe3 14. Bxe3 Nf5
15. Bf2 f6 16. Nf3 Be7 17. Qe1 Nh6 18. Bh4 Nf7 19. Qb1 g5 20. fxg5 fxg5 21. Bf2
Nh6 22. Qg6 Rdg8 23. Qc2 Nf5 24. c4 g4 25. Nd2 g3 26. hxg3 Nxg3 27. Bxg3 Rxg3
28. cxd5 exd5 29. Qf5 Rhg8 30. Qxd7+ Kxd7 31. Rf2 Bg5 32. Re2 h4 33. Nf3 h3 34.
e6+ Ke7 35. Rf1 hxg2 36. Rff2 Bf4 37. Rxg2 Rxg2+ 38. Rxg2 Rxg2+ 39. Kxg2 Kxe6
40. Kf2 Kf5 41. Ke2 Ke4 42. a4 b5 43. b3 Be3 44. axb5 axb5 45. Ne5 Bxd4 46. Nc6
Bb6 47. Nd8 d4 48. Ne6 d3+ 49. Kd1 c5 50. Nc7 b4 51. Na8 c4 52. bxc4 b3 53. c5
b2 0-1

[Event "Mechanics' Fall TNM; 30/90, SD/30"]
[Site "San Francisco"]
[Date "2014.12.09"]
[Round "7.43"]
[White "Simpkins, Jerry"]
[Black "Otterbach, Renate"]
[Result "1-0"]
[WhiteElo "1500"]
[BlackElo "1044"]
[Annotator "Donaldson"]
[PlyCount "53"]
[EventDate "2014.??.??"]

1. e4 e6 2. d4 d5 3. e5 c5 4. c3 Nc6 5. f4 Nge7 6. Bd3 cxd4 7. Nf3 dxc3 8. Nxc3
Qb6 9. Nb5 Nf5 10. Bxf5 Qxb5 11. Bd3 Qb6 12. a3 Bc5 13. b4 Bf2+ 14. Ke2 Nd4+
15. Nxd4 Bxd4 16. Rb1 O-O 17. a4 a5 18. bxa5 Qxa5 19. Bxh7+ Kxh7 20. Qxd4 Qc7
21. Qd3+ Kg8 22. Ba3 Re8 23. Rhc1 Qd8 24. Qc2 b5 25. Qc6 Ba6 26. axb5 Bc8 $4
27. Qxa8 1-0

[Event "Mechanics' Spring TNM; 30/90, SD/30"]
[Site "San Francisco"]
[Date "2014.04.22"]
[Round "6.26"]
[White "Simpkins, Jerry"]
[Black "Oyuntseren, Togtokh"]
[Result "0-1"]
[WhiteElo "1551"]
[BlackElo "1372"]
[Annotator "Donaldson"]
[PlyCount "102"]
[EventDate "2014.??.??"]

1. e4 e5 2. Nf3 Nc6 3. Bc4 Be7 4. c3 (4. d4) 4... Nf6 5. d4 O-O (5... d6) 6.
dxe5 Nxe4 7. Bd3 Ng5 (7... Nc5) 8. Nxg5 Bxg5 9. Bxh7+ $2 Kxh7 10. Qh5+ Bh6 11.
O-O Qe7 12. Bxh6 gxh6 13. f4 f5 14. Nd2 Qf7 15. Qh3 b5 16. Nf3 Qg6 17. Rad1 Qg4
18. Ng5+ Kg6 19. Qxg4 fxg4 20. Ne4 Kf5 21. Nc5 Rd8 22. Rd5 Ne7 23. Rd4 d6 24.
Rfd1 d5 25. Ne4 Be6 26. Nc5 Rab8 27. Ne4 Nc6 28. Ng3+ Kg6 29. R4d2 h5 30. Rf2
Ne7 31. Rfd2 Bf5 32. Ne2 c5 33. Nc1 c4 34. Ne2 Rb6 35. Nd4 Be6 36. Kf2 h4 37.
g3 h3 38. Re1 Nf5 39. Ne2 a5 40. a3 b4 41. axb4 axb4 42. cxb4 Rxb4 43. Red1
Rdb8 44. Rb1 d4 45. Nxd4 Nxd4 46. Rxd4 Rxb2+ 47. Rxb2 Rxb2+ 48. Kg1 c3 49. Rd6
Kf5 50. Rc6 c2 51. Kf1 Rb1+ 0-1

[Event "Mechanics' Winter TNM; 30/90, SD/30"]
[Site "San Francisco"]
[Date "2014.02.25"]
[Round "8.33"]
[White "Simpkins, Jerry"]
[Black "Paquette, James"]
[Result "1-0"]
[WhiteElo "1551"]
[BlackElo "1331"]
[PlyCount "121"]
[EventDate "2014.??.??"]

1. e4 e5 2. Nf3 d6 3. Bc4 f5 4. d4 fxe4 5. Ng5 d5 6. Bb3 exd4 7. Qxd4 Nc6 8.
Ba4 Nf6 9. Nc3 Bd7 10. Bxc6 Bxc6 11. Qe5+ Be7 12. Ne6 Bd6 13. Nxc7+ Kd7 14. Qg5
Bxc7 15. Qxg7+ Qe7 16. Qh6 d4 17. Ne2 d3 18. Nd4 dxc2 19. Nxc2 Ba5+ 20. Bd2
Bxd2+ 21. Qxd2+ Qd6 22. Qh6 Bb5 23. Rd1 Bd3 24. Qg7+ Qe7 25. Qh6 Rac8 26. Qd2
Ke8 27. Ne3 Qc5 28. f3 Rd8 29. b4 Qe5 30. Kf2 Qd4 31. Rhe1 Rf8 32. Kg1 Nd5 33.
Kh1 Nxe3 34. Rxe3 Rf4 35. Rxe4+ Rxe4 36. fxe4 Ke7 37. e5 Ke6 38. Qg5 Rf8 39.
Qh6+ Bg6 40. Qh3+ Kxe5 41. Qg3+ Qf4 42. Qc3+ Kf5 43. Qc5+ Kg4 44. Rd4 Be4 45.
h3+ Kg3 46. Qc3+ Kh4 47. Qe1+ Kg5 48. Rxe4 Qf1+ 49. Kh2 Qxe1 50. Rxe1 Rf2 51.
a3 Ra2 52. Re3 Kf4 53. Rf3+ Ke4 54. b5 Rb2 55. a4 Rb4 56. Kg3 Ke5 57. Rf7 Rxa4
58. Rxb7 h6 59. Rh7 Ra3+ 60. Kh4 Ra4+ 61. g4 1-0

[Event "Mechanics' Spring TNM; 30/90, SD/30"]
[Site "San Francisco"]
[Date "2014.05.06"]
[Round "8.24"]
[White "Simpkins, Jerry"]
[Black "Poblete, Tyrone"]
[Result "1-0"]
[WhiteElo "1551"]
[BlackElo "1293"]
[PlyCount "31"]
[EventDate "2014.??.??"]

1. e4 Nc6 2. d4 e5 3. dxe5 Qh4 4. Nc3 Bb4 5. Bd3 Nxe5 6. Nf3 Nxd3+ 7. Qxd3 Qg4
8. O-O Bxc3 9. Qxc3 c6 10. Ne5 Qe6 11. f4 d6 12. Nd3 Nf6 13. e5 Ne4 14. Qe1 Qg4
15. exd6 O-O 16. Qxe4 1-0

[Event "Mechanics' Fall TNM; 30/90, SD/30"]
[Site "San Francisco"]
[Date "2014.11.04"]
[Round "3.44"]
[White "Simpkins, Jerry"]
[Black "Rhizor, Jared"]
[Result "1-0"]
[WhiteElo "1500"]
[BlackElo "1319"]
[PlyCount "105"]
[EventDate "2014.??.??"]

1. e4 e6 2. d4 d5 3. e5 b6 4. f4 f6 5. Nf3 Bb7 6. c3 Nd7 7. Bd3 c5 8. O-O c4 9.
Bc2 h6 $2 10. Bg6+ Ke7 11. Na3 Bc6 12. Nc2 f5 13. Ne3 Qc8 14. Nh4 Kd8 15. Bf7
Ke7 16. Ng6+ Kxf7 17. Nxh8+ Ke8 18. Qh5+ Kd8 19. Qf7 Ne7 20. Qxe6 Kc7 21. Nf7
Qe8 22. Nxf5 Nxf5 23. Qxf5 Qe7 24. e6 Nf6 25. Ne5 Be8 26. Qh3 g6 27. f5 g5 28.
Qf3 Qh7 29. Nxc4 g4 30. Qg3+ Kc6 31. Ne5+ Kb7 32. Nxg4 Ne4 33. Qe5 Kc6 34. f6
Bd6 35. Qf5 Bg6 36. Qf3 Ng5 37. Bxg5 hxg5 38. Ne5+ Kc7 39. g3 Rh8 40. Rf2 Be4
41. Qe2 Bd3 42. Nxd3 Bxg3 43. Rg2 Bd6 44. Ne5 g4 45. Rxg4 Rg8 46. Rxg8 Qxg8+
47. Qg2 Qxe6 48. Qg7+ Kc8 49. f7 Qe7 50. Rf1 Qf8 51. Qg4+ Kb7 52. Qd7+ Ka6 53.
Qxd6 1-0

[Event "Mechanics' SummerTNM; 30/90, SD/30"]
[Site "San Francisco"]
[Date "2014.06.10"]
[Round "3.35"]
[White "Simpkins, Jerry"]
[Black "Schlosberg, Max"]
[Result "1-0"]
[WhiteElo "1478"]
[BlackElo "1162"]
[Annotator "Donaldson"]
[PlyCount "41"]
[EventDate "2014.??.??"]

1. e4 e5 2. Nf3 Nc6 3. Bc4 Bc5 4. Nc3 Nf6 5. O-O d6 6. h3 Be6 7. Bxe6 fxe6 8.
Ng5 Qe7 9. Na4 Bb6 10. Nxb6 axb6 11. d3 O-O 12. f4 exf4 13. Bxf4 e5 14. Be3 h6
15. Nf3 Rf7 16. Nh4 Nh5 $4 (16... Nxe4 $2 17. Rxf7 Kxf7 18. Qh5+ Kg8 19. dxe4)
(16... Qe6 {as well as}) (16... d5 {and}) (16... Qd7 {all offer equal chances.}
) 17. Qxh5 Rxf1+ 18. Rxf1 Rxa2 19. Nf5 Qe6 20. Qg4 Kh8 21. Qxg7# 1-0

[Event "Mechanics' Winter TNM; 30/90, SD/30"]
[Site "San Francisco"]
[Date "2014.01.21"]
[Round "3.31"]
[White "Simpkins, Jerry"]
[Black "Shaughnessy, Elizabeth"]
[Result "1-0"]
[WhiteElo "1551"]
[BlackElo "1500"]
[Annotator "Donaldson"]
[PlyCount "33"]
[EventDate "2014.??.??"]

1. e4 e5 2. Nf3 Nc6 3. Bc4 Nf6 4. Ng5 d5 5. exd5 Nxd5 (5... Na5) (5... Nd4) 6.
Nxf7 (6. d4 {is the old theoretical refutation of 5...Nxd5 but Stockfish
prefers 6.Nxf7 by a large margin. The Fried Liver lives!}) 6... Kxf7 7. Qf3+
Ke6 8. Nc3 Nce7 9. Ne4 (9. d4 $1 {Stockfish}) 9... Nf5 10. Nc3 $2 (10. d4 $1)
10... c6 $1 {Now Black is better.} 11. O-O b5 12. Bb3 Nd4 $1 13. Qe4 Nxb3 14.
axb3 Nf6 $2 ({A finger fehler.} 14... Qf6 {
is one of many good moves Black had at her disposal.}) 15. Qxc6+ Bd6 16. Qxa8
Qd7 17. Rxa7 1-0

[Event "Mechanics' Fall TNM; 30/90, SD/30"]
[Site "San Francisco"]
[Date "2014.10.21"]
[Round "1.15"]
[White "Simpkins, Jerry"]
[Black "Uzzaman, Ashik"]
[Result "0-1"]
[WhiteElo "1500"]
[BlackElo "2015"]
[PlyCount "78"]
[EventDate "2014.??.??"]

1. e4 c5 2. f4 Nc6 3. c3 d5 4. e5 d4 5. d3 Nh6 6. Nf3 Bg4 7. Be2 e6 8. Nbd2
Bxf3 9. Nxf3 Be7 10. O-O O-O 11. Nd2 f6 12. Nf3 Qb6 13. Kh1 Rad8 14. c4 f5 15.
Ng5 Bxg5 16. fxg5 Nf7 17. Bf4 Nfxe5 18. Bxe5 Nxe5 19. b3 Rd7 20. Qd2 Qd8 21.
Qf4 Nf7 22. h4 Nh8 23. Rae1 Ng6 24. Qg3 Qb8 25. Qf2 Re7 26. h5 Ne5 27. Qh4 g6
28. Qh3 Nf7 29. Qh4 Ree8 30. Bf3 Qc7 31. g4 Ne5 32. Be2 f4 33. Qh2 Qf7 34. Qh3
f3 35. Qg3 Qf4 36. Qh4 Qd2 37. hxg6 Nxg6 38. Qh6 fxe2 39. Rxf8+ Rxf8 0-1

[Event "Mechanics' Spring TNM; 30/90, SD/30"]
[Site "San Francisco"]
[Date "2014.04.08"]
[Round "4.30"]
[White "Simpkins, Jerry"]
[Black "West, David Matthew"]
[Result "1-0"]
[WhiteElo "1551"]
[BlackElo "1333"]
[PlyCount "35"]
[EventDate "2014.??.??"]

1. e4 e6 2. d4 d5 3. e5 c5 4. c3 Nc6 5. Nf3 Qb6 6. Bd3 cxd4 7. cxd4 Nxd4 8.
Nxd4 Bb4+ 9. Nc3 Bd7 10. Be3 Bc5 11. Ndb5 Bxe3 12. Nd6+ Kf8 13. fxe3 Qxb2 14.
O-O f6 15. Rc1 Ke7 16. Bb5 fxe5 17. Rf7+ Kxd6 18. Rxd7+ 1-0

[Event "Mechanics' Fall TNM; 30/90, SD/30"]
[Site "San Francisco"]
[Date "2014.12.16"]
[Round "8.35"]
[White "Standen, Julian"]
[Black "Ayinala, Shree"]
[Result "1-0"]
[WhiteElo "1652"]
[BlackElo "1180"]
[PlyCount "109"]
[EventDate "2014.??.??"]

1. d4 Nf6 2. Nf3 g6 3. Bg5 Bg7 4. Nbd2 O-O 5. e4 h6 6. Bh4 d6 7. Be2 a6 8. O-O
Re8 9. Re1 Nbd7 10. c3 Nb6 11. Qc2 e6 12. Rad1 g5 13. Bg3 Bd7 14. h3 Nh7 15. e5
dxe5 16. Nxe5 Qe7 17. Bh5 Rf8 18. Bf3 Rab8 19. Ne4 Nd5 20. Nc5 Bc8 21. Bxd5
exd5 22. Ng6 Qd8 23. Nxf8 Bxf8 24. Nd3 Bf5 25. Qd2 Bd6 26. Bxd6 Qxd6 27. Re5
Bg6 28. Rde1 c6 29. Qe3 Nf6 30. f3 Kg7 31. Nf2 Qc7 32. Ng4 Nxg4 33. hxg4 Qd6
34. Re7 Kg8 35. Re8+ Rxe8 36. Qxe8+ Kg7 37. Qe5+ Qxe5 38. Rxe5 Kf8 39. g3 Bb1
40. a3 Bd3 41. Kf2 Bb5 42. f4 gxf4 43. gxf4 Bc4 44. Kg3 b6 45. Kh4 c5 46. g5
hxg5+ 47. Kxg5 cxd4 48. cxd4 Bb5 49. Kf6 Bc6 50. Re7 Be8 51. Rb7 a5 52. Rxb6
Bd7 53. Rd6 Be6 54. f5 a4 55. Rd8# 1-0

[Event "Mechanics' Spring TNM; 30/90, SD/30"]
[Site "San Francisco"]
[Date "2014.04.08"]
[Round "4.12"]
[White "Standen, Julian"]
[Black "Bayaraa, Chinguun"]
[Result "1/2-1/2"]
[WhiteElo "1637"]
[BlackElo "1775"]
[PlyCount "76"]
[EventDate "2014.??.??"]

1. d4 d5 2. Nf3 e6 3. e3 Nf6 4. Bd3 Be7 5. Nbd2 Nbd7 6. O-O b6 7. e4 dxe4 8.
Nxe4 Bb7 9. Qe2 O-O 10. Bf4 Rc8 11. c3 Nd5 12. Bg3 N5f6 13. Ne5 Nxe5 14. Bxe5
Nxe4 15. Bxe4 Bxe4 16. Qxe4 Bd6 17. Rad1 Qe8 18. Rd3 f5 19. Qe2 Bxe5 20. Qxe5
Rf6 21. f4 Rg6 22. Re1 Qc6 23. g3 Rd8 24. Qe2 Qd6 25. Re3 Re8 26. Re5 Rf6 27.
d5 Kf7 28. Qh5+ Kf8 29. Rxe6 Rfxe6 30. Rxe6 Rxe6 31. dxe6 Qxe6 32. Qxh7 Qe1+
33. Kg2 Qe2+ 34. Kh3 Qg4+ 35. Kg2 Kf7 36. Qh3 Qe2+ 37. Kg1 Qe3+ 38. Kg2 Qd2+
1/2-1/2

[Event "Mechanics' Winter TNM; 30/90, SD/30"]
[Site "San Francisco"]
[Date "2014.02.04"]
[Round "5.14"]
[White "Standen, Julian"]
[Black "Newey, Richard"]
[Result "1/2-1/2"]
[WhiteElo "1637"]
[BlackElo "1807"]
[Annotator "Donaldson"]
[PlyCount "62"]
[EventDate "2014.??.??"]

1. d4 Nf6 2. Nf3 g6 3. Bg5 Ne4 4. Bf4 Bg7 5. e3 O-O 6. Nbd2 Nxd2 7. Qxd2 c5 8.
c3 b6 9. Bd3 Bb7 10. O-O d5 11. Rad1 Nd7 12. Rfe1 Nf6 (12... Re8) 13. Qe2 h6 $2
(13... Qc8 {with the idea of ...Ne4 and ..a7-a5 with ...Ba6.}) 14. h3 Qc8 15.
Ne5 Kh7 16. h4 a5 17. h5 Ne4 18. hxg6+ fxg6 19. f3 Bxe5 20. Bxe5 Nf6 21. Qf2 (
21. Qc2 Rg8 22. dxc5 bxc5 23. c4) 21... Qe6 22. Qg3 Nh5 23. Qh4 Ba6 24. Bc2 Ng7
25. Bxg7 (25. Bf4 Nf5 26. Qh2) 25... Kxg7 26. e4 Qf6 27. Qxf6+ exf6 28. exd5
Rfe8 29. Kf2 Rxe1 30. Rxe1 cxd4 31. cxd4 Bc4 {
White is doing well after 32.Re7+.} 1/2-1/2

[Event "Mechanics' Whitehead TNM; 30/90, SD/30"]
[Site "San Francisco"]
[Date "2014.08.26"]
[Round "4.20"]
[White "Standen, Julian"]
[Black "Paquette, James"]
[Result "1-0"]
[WhiteElo "1665"]
[BlackElo "1320"]
[PlyCount "95"]
[EventDate "2014.??.??"]

1. d4 g6 2. Nf3 Bg7 3. e4 c5 4. dxc5 Qa5+ 5. c3 Qxc5 6. Be2 Nf6 7. Qc2 O-O 8.
O-O d5 9. Be3 Qc7 10. Nbd2 dxe4 11. Nxe4 Nxe4 12. Qxe4 Bf5 13. Qc4 Qxc4 14.
Bxc4 Nc6 15. Rfd1 e6 16. Rd2 b6 17. Rad1 Rad8 18. Kf1 Rxd2 19. Rxd2 Rd8 20. Ke1
Rxd2 21. Kxd2 Ne5 22. Nxe5 Bxe5 23. h3 Kf8 24. Bd3 Ke7 25. Bxf5 exf5 26. Kd3
Kd6 27. b3 Kc6 28. Bd4 Bxd4 29. Kxd4 f6 30. c4 a5 31. a3 Kd6 32. b4 axb4 33.
axb4 Kc6 34. c5 bxc5+ 35. bxc5 h6 36. Kc4 g5 37. Kd4 h5 38. Kc4 h4 39. f3 f4
40. Kd4 f5 41. Ke5 Kxc5 42. Kxf5 Kd4 43. Kxg5 Ke3 44. Kxh4 Kf2 45. Kg4 Kxg2 46.
h4 Kf2 47. h5 Ke3 48. h6 1-0

[Event "Mechanics' Spring TNM; 30/90, SD/30"]
[Site "San Francisco"]
[Date "2014.04.29"]
[Round "7.22"]
[White "Standen, Julian"]
[Black "Poler, Sebastian"]
[Result "0-1"]
[WhiteElo "1637"]
[BlackElo "1203"]
[PlyCount "58"]
[EventDate "2014.??.??"]

1. d4 Nf6 2. Nf3 e6 3. e3 c5 4. c3 d5 5. Bd3 Bd6 6. Nbd2 O-O 7. O-O c4 8. Bc2
Nc6 9. Qe2 b5 10. e4 Bc7 11. e5 Nd7 12. Ne1 Qe7 13. f4 b4 14. Ndf3 Ba5 15. Bd2
bxc3 16. Bxc3 Bb6 17. g4 f6 18. Kh1 fxe5 19. fxe5 Rf4 20. h3 Bxd4 21. Ng2 Bxc3
22. Nxf4 Bxb2 23. Rad1 Ncxe5 24. Nxe5 Bxe5 25. Rde1 Bb7 26. Ng2 Rf8 27. Rxf8+
Qxf8 28. Ba4 Qa3 29. Bxd7 Qxh3+ {remainder illegible} 0-1

[Event "Mechanics' Fall TNM; 30/90, SD/30"]
[Site "San Francisco"]
[Date "2014.12.02"]
[Round "6.19"]
[White "Standen, Julian"]
[Black "Sarafian, Greg"]
[Result "0-1"]
[WhiteElo "1652"]
[BlackElo "1926"]
[PlyCount "80"]
[EventDate "2014.??.??"]

1. d4 Nf6 2. Nf3 d5 3. e3 c5 4. c3 e6 5. Bd3 Nc6 6. Nbd2 Bd6 7. O-O O-O 8. Qe2
e5 9. dxe5 Nxe5 10. Nxe5 Bxe5 11. h3 Re8 12. Nf3 Bc7 13. Rd1 Qe7 14. b3 Ne4 15.
Bb2 Bf5 16. c4 dxc4 17. Bxc4 Ng5 18. Rd5 Nxf3+ 19. Qxf3 Be6 20. Rd3 Bxc4 21.
bxc4 Rad8 22. Rad1 Rxd3 23. Rxd3 Rd8 24. Rd5 Rxd5 25. Qxd5 Qd6 26. Qxd6 Bxd6
27. e4 f6 28. f3 Kf7 29. Kf2 Ke6 30. g4 g5 31. Ke3 Be5 32. Ba3 Bd4+ 33. Kd3 a6
34. Bc1 b5 35. Bd2 b4 36. Kc2 Ke5 37. Kb3 a5 38. Ka4 h6 39. Kxa5 Bc3 40. Bc1
b3+ 0-1

[Event "Mechanics' Winter TNM; 30/90, SD/30"]
[Site "San Francisco"]
[Date "2014.02.11"]
[Round "6.12"]
[White "Standen, Julian"]
[Black "Steger, Eric"]
[Result "1/2-1/2"]
[WhiteElo "1637"]
[BlackElo "1937"]
[PlyCount "97"]
[EventDate "2014.??.??"]

1. d4 Nf6 2. Nf3 g6 3. Bg5 Bg7 4. Nbd2 O-O 5. e4 d6 6. Be2 c5 7. dxc5 dxc5 8.
c3 Nc6 9. O-O Qc7 10. Qc2 b6 11. Rfe1 e5 12. Rad1 Bb7 13. h3 h6 14. Bh4 Rad8
15. Nc4 g5 16. Bg3 Nh7 17. Ne3 Ne7 18. Ng4 Ng6 19. Ne3 Ne7 20. Ng4 f6 21. Ne3
Rxd1 22. Rxd1 Rd8 23. Ne1 Nf8 24. f3 Bc8 25. Rxd8 Qxd8 26. Qd1 Qxd1 27. Nxd1
Ne6 28. Bf2 Nf4 29. Bf1 Be6 30. b3 Nc6 31. Nd3 Kf8 32. g4 Ke7 33. Ne3 Kd7 34.
Nxf4 exf4 35. Nf5 Bf8 36. Be2 Ne5 37. c4 Kc6 38. Be1 Bxf5 39. exf5 Bd6 40. Kf2
a6 41. a4 Nd7 42. Bd3 Be5 43. Be4+ Kc7 44. Ke2 Bd4 45. Bd2 Ne5 46. Be1 Nc6 47.
Bxc6 Kxc6 48. Kd3 a5 49. Bd2 1/2-1/2

[Event "Mechanics' Whitehead TNM; 30/90, SD/30"]
[Site "San Francisco"]
[Date "2014.08.26"]
[Round "4.30"]
[White "Starr, Albert"]
[Black "Ayinala, Shree"]
[Result "0-1"]
[WhiteElo "1523"]
[BlackElo "962"]
[Annotator "Donaldson"]
[PlyCount "158"]
[EventDate "2014.??.??"]

1. b4 e5 2. Bb2 d6 3. e3 Bd7 (3... Nf6 4. c4 Be6 5. Nf3 h6) 4. c4 Nf6 5. d3 Be7
6. Nf3 h6 7. Be2 O-O 8. O-O a6 9. a4 c6 10. Qb3 b5 11. a5 Be6 12. Nbd2 Nbd7 13.
Rfd1 Qc7 14. Bf1 Rab8 15. Bc3 Rfd8 16. Qb2 bxc4 (16... c5) 17. Nxc4 d5 $2 (
17... c5) 18. Ncxe5 c5 19. d4 cxb4 20. Be1 Rbc8 (20... Qd6) 21. Bxa6 Ra8 22.
Rdc1 Qa7 23. Bb5 Nxe5 24. Nxe5 Rdc8 25. Nc6 Qc7 26. Nxe7+ Qxe7 27. Bxb4 Qb7 28.
Rxc8+ Rxc8 29. Qe2 Rb8 30. a6 Qc7 31. Bc5 Ne4 32. Bd3 Nxc5 33. dxc5 Qxc5 34.
Qc2 Qxc2 35. Bxc2 f6 36. h3 Ra8 37. a7 Kf7 38. f4 f5 39. Kf2 g6 40. Kf3 Ke7 41.
g4 Kd7 (41... fxg4+) 42. gxf5 gxf5 43. Ra6 Ke7 44. Kg3 (44. Ke2) 44... Rg8+ 45.
Kh4 Ra8 46. Kh5 Kf6 47. Bb3 Kf7 48. Kxh6 Kf6 49. Rxe6+ $2 (49. Kh7 $18 Kf7 50.
Ba4) 49... Kxe6 50. Kg5 Rg8+ 51. Kh4 Ra8 52. Kg3 Rxa7 53. Bd1 Rg7+ 54. Kh2 Rh7
55. Bf3 Rh8 56. Bg2 Kd6 57. Kg3 Kc5 58. h4 d4 59. exd4+ Kxd4 60. Bh3 Ke4 61.
Bg2+ Ke3 62. Bd5 Kd4 (62... Rh7) 63. Bf7 Ke4 64. h5 Rh7 65. Bg6 Rg7 66. Kh4
Kxf4 67. Kh3 Kg5 68. Be8 Re7 69. Bg6 Re6 70. Bf7 Rh6 (70... Re3+ 71. Kg2 Kg4
72. h6 Re2+ 73. Kg1 Kg3 74. Kf1 Rh2) 71. Be8 Rxh5+ $2 72. Bxh5 Kxh5 73. Kg3 Kg6
74. Kh4 Kf6 75. Kg3 Ke5 76. Kf3 f4 77. Ke2 Ke4 78. Kf1 $4 (78. Kf2 $11) 78...
Kf3 79. Kg1 Ke2 0-1

[Event "Mechanics' Fall TNM; 30/90, SD/30"]
[Site "San Francisco"]
[Date "2014.10.21"]
[Round "1.13"]
[White "Starr, Albert"]
[Black "Doyle, Bryon"]
[Result "0-1"]
[WhiteElo "1517"]
[BlackElo "2099"]
[Annotator "Donaldson"]
[PlyCount "50"]
[EventDate "2014.??.??"]

1. b4 d5 2. e3 Nf6 3. Bb2 g6 4. Nf3 Bg7 5. Be2 O-O 6. O-O Nbd7 7. d3 Re8 8.
Nbd2 e5 9. h3 e4 10. dxe4 dxe4 11. Nh2 Qe7 12. b5 Ne5 13. c4 Bf5 14. Qc2 Rad8
15. a4 Nd3 16. Ba3 Qd7 17. Ra2 Re5 18. Rd1 Bxh3 {Diagram #} 19. Nhf1 $2 (19.
Nxe4 $1 {and White would be fine.}) 19... Bg4 20. Ng3 Bxe2 21. Nxe2 Qg4 22. Ng3
Nxf2 23. Kxf2 Rg5 24. Ndxe4 Nxe4+ 25. Qxe4 Qxg3+ 0-1

[Event "Mechanics' Winter TNM; 30/90, SD/30"]
[Site "San Francisco"]
[Date "2014.01.14"]
[Round "2.29"]
[White "Starr, Albert"]
[Black "Friedrich, Joseph"]
[Result "1-0"]
[WhiteElo "1570"]
[BlackElo "1285"]
[PlyCount "65"]
[EventDate "2014.??.??"]

1. b4 c6 2. c4 e6 3. Bb2 Nf6 4. b5 a5 5. a4 d5 6. e3 Nbd7 7. d3 Nc5 8. Be2 Bd6
9. Nf3 Qc7 10. g3 Bd7 11. O-O O-O-O 12. Nbd2 Rhg8 13. Ra2 Rde8 14. Qa1 Re7 15.
Bxf6 gxf6 16. Qxf6 e5 17. d4 e4 18. dxc5 Bxc5 19. Nd4 Bd6 20. Nf5 Bxf5 21.
Qxf5+ Kb8 22. cxd5 Re5 23. Qxh7 Reg5 24. dxc6 Bxg3 25. fxg3 Rxg3+ 26. Kh1 Rg2
27. Nxe4 bxc6 28. Ng3 R8xg3 29. hxg3 Qxg3 30. Qh8+ Kc7 31. b6+ Kd6 32. Rd2+ Ke6
33. Qf6# 1-0

[Event "Mechanics' Fall TNM; 30/90, SD/30"]
[Site "San Francisco"]
[Date "2014.11.04"]
[Round "3.19"]
[White "Starr, Albert"]
[Black "Gerwin, Gene"]
[Result "0-1"]
[WhiteElo "1517"]
[BlackElo "1906"]
[PlyCount "102"]
[EventDate "2014.??.??"]

1. b4 Nf6 2. Bb2 e6 3. b5 a6 4. a4 axb5 5. axb5 Rxa1 6. Bxa1 d5 7. e3 Bd6 8.
Nf3 Nbd7 9. Be2 O-O 10. O-O Qe7 11. d3 e5 12. Nbd2 c5 13. c4 d4 14. exd4 cxd4
15. Re1 Nc5 16. Bf1 Qc7 17. g3 Bg4 18. Qc2 Nfd7 19. Ng5 f5 20. Nb3 h6 21. Nxc5
Nxc5 22. Nh3 Qa5 23. Rb1 Qa3 24. Bb2 Qb3 25. Qxb3 Nxb3 26. Bg2 Nc5 27. f3 Bxh3
28. Bxh3 Nxd3 29. Ba1 Bc5 30. Bf1 Nb4 31. Kg2 Nc2 32. Bd3 Ne3+ 33. Kh1 Ra8 34.
Bb2 Ra4 35. Ra1 Rxa1+ 36. Bxa1 Ba3 37. Kg1 Kf7 38. Kf2 Ke6 39. Ke2 Kd6 40. Bb1
Kc5 41. Ba2 Nc2 42. Bb1 Nxa1 43. Bxf5 Kxc4 44. Bd3+ Kc3 45. f4 exf4 46. gxf4 b6
47. h4 Nb3 48. Bf5 Bc1 49. Kf3 d3 50. Bxd3 Kxd3 51. Kg4 Nd4 0-1

[Event "Mechanics' Winter TNM; 30/90, SD/30"]
[Site "San Francisco"]
[Date "2014.01.28"]
[Round "4.28"]
[White "Starr, Albert"]
[Black "Gomboluudev, Enkhjin"]
[Result "0-1"]
[WhiteElo "1570"]
[BlackElo "1320"]
[PlyCount "60"]
[EventDate "2014.??.??"]

1. b4 d5 2. e3 e5 3. Bb2 Bd6 4. Nf3 Nd7 5. Be2 Ngf6 6. b5 O-O 7. O-O Re8 8. d3
h6 9. Nbd2 e4 10. dxe4 dxe4 11. Nd4 Ne5 12. g3 Bh3 13. Re1 Neg4 14. Bf1 Bxf1
15. Nxf1 Ne5 16. Nd2 Qd7 17. Kg2 Bc5 18. c4 $2 Nd3 19. Nxe4 Nxe1+ 20. Qxe1 Nxe4
21. Nb3 Qf5 22. f3 Ng5 23. Qf1 Rxe3 24. Bd4 Bxd4 25. Nxd4 Qh3+ 26. Kh1 Qxf1+
27. Rxf1 Rd8 28. Nb3 Rxf3 29. Re1 Rf2 30. Nc5 Nf3 0-1

[Event "Mechanics' Whitehead TNM; 30/90, SD/30"]
[Site "San Francisco"]
[Date "2014.09.23"]
[Round "8.23"]
[White "Starr, Albert"]
[Black "Harris, Clarence"]
[Result "1-0"]
[WhiteElo "1523"]
[BlackElo "1655"]
[PlyCount "67"]
[EventDate "2014.??.??"]

1. b4 e5 2. Bb2 d6 3. e3 Nf6 4. d3 Be7 5. Nf3 O-O 6. Be2 Be6 7. O-O Nbd7 8.
Nbd2 Nd5 9. b5 N5b6 10. c4 Nc5 11. a4 a5 12. d4 exd4 13. Nxd4 Bd7 14. Bf3 Ne6
15. Bxb7 Ra7 16. Nc6 Bxc6 17. Bxc6 Nc5 18. Bd5 Bf6 19. Bxf6 Qxf6 20. Qc2 Rd8
21. Ne4 Nxe4 22. Bxe4 d5 23. Bxh7+ Kh8 24. Bd3 dxc4 25. Bxc4 Nxc4 26. Qxc4 Rd2
27. Ra2 Rxa2 28. Qxa2 Ra8 29. Rd1 Rb8 30. Qd2 c6 31. Qxa5 c5 32. Qc7 Ra8 33.
Qxc5 g6 34. Qd4 1-0